| 000 | 00992nam a2200301Ia 4500 | ||
|---|---|---|---|
| 003 | OSt | ||
| 005 | 20221007125721.0 | ||
| 006 | a|||||r|||| 00| 0 | ||
| 007 | ta | ||
| 008 | 221006b |||||||| |||| 00| 0 eng d | ||
| 020 |
_a0471754013 (hbd) _cRs.3338.27 |
||
| 024 | _a76843 | ||
| 037 |
_b271, 28/02/2007, Educational Book Agency (India) _cTextual |
||
| 040 |
_aCDL _cCDL _beng |
||
| 041 |
_2eng _aeng |
||
| 082 | _aE:225-3,E1, P7 Carc | ||
| 100 |
_aMcMaster Marvin C _9722361 |
||
| 245 | 0 | _aHPLC: a practical user's guide | |
| 250 | _a2 | ||
| 260 |
_aNew _bJersey John Wiley & Sons _c2007 |
||
| 300 |
_axiii,238p. Includes CD-Rom _ccm. |
||
| 500 | _aApendix A-G 203-234p; Index 235-238p | ||
| 650 |
_a High performance liquid chromatography _9722362 |
||
| 650 |
_a HPLC _9722363 |
||
| 650 | _aChemistry | ||
| 942 |
_hE:225-3,E1, P7 Carc _cTEXL _2CC |
||
| 999 |
_c1215752 _d1215752 |
||